000 00980nam a22002297a 4500
001 9536
003 FISKH
005 20260120110550.0
008 260120b cb ||||| |||| 00| 0 eng d
020 _a072265457X
040 _aFISKH
_beng
_cFISKH
_dFISKH
082 _a636.009
100 _aHyams , Edwards
245 _aWorking for man :
_bThe demestication of animals /
_cBy Edward Hyams : Illustrated by Peter Gregory
250 _aFirst published 1975
260 _aLondon :
_bKestrel Books ,
_c1975 .
300 _a95 pages :
_bIllustrations ;
_c24 cm .
520 _aWorking for Man: The Domestication of Animals explains how humans domesticated animals over thousands of years and how this changed human life. The book shows how animals were used for food, farming, transport, and labor, and how this partnership helped humans develop agriculture, settlements, and civilizations.
700 _aGregory , Peter
_eIllustrator
942 _2ddc
_cBK
_n0
999 _c9536
_d9536